| 000 | 01524nam a2200325 4500 | ||
|---|---|---|---|
| 003 | CO-CtgCURN | ||
| 005 | 20250329165428.0 | ||
| 008 | 160531s2006 000 0 eng d | ||
| 040 |
_aCO-CtgCURN _bspa _ccoctgcurn |
||
| 082 | 0 |
_aENF 2006 _bC268 |
|
| 245 | 0 | 0 |
_aCalidad en la atencion de enfermeria al adulto mayor hospitalizado en la unidad de medicina interna de la ARS Caprecom durante en el segundo periodo del año 2006 / _cYudi Cardona Osorio ... [et al.] ; asesor, Andres Bedoya Ossa. |
| 260 |
_aCartagena de Indias : _bCorporación Universitaria Rafael Núñez, _c2006. |
||
| 300 | _a189 h. | ||
| 336 | _2rdacontent | ||
| 337 |
_2rdamedia _asin mediacion _bn |
||
| 338 |
_2rdacarrier _avolumen _bnc |
||
| 500 | _aIncluye anexos. | ||
| 502 | _aTrabajo de grado (Enfermera (o)). Corporacion Universitaria Rafael Nuñez. Facultad de Ciencias de la Salud. Programa de Enfermeria, 2006. | ||
| 504 | _aIncluye bibliografia. | ||
| 590 | _aEnfemeria | ||
| 650 | 0 |
_aEnfermeria _vTesis y disertaciones academicas. |
|
| 700 | 1 | _aCardona Osorio, Yudi. | |
| 700 | 1 | _aFaciolince Payares, Monica. | |
| 700 | 1 | _aOspino Navarro, Ana. | |
| 700 | 1 | _aTapiero Ramirez, Nadia. | |
| 700 | 1 |
_aBedoya Ossa, Andres, _easesor. |
|
| 856 | 7 |
_uhttps://unicurn.sharepoint.com/:b:/s/biblioteca/ESzS3YOvhsNEugpbi8KK7D8Bvt4bD_TT-LJZaALtbBlhvA?e=zhHGYF _zClick aqui para ver el recurso en texto completo |
|
| 942 |
_hENF 2006 _iC268 _2ddc _cTG |
||
| 999 |
_c3693 _d3693 |
||